Michel Stempel-Handbuch: II. Teil (part 2) (Record no. 3263)

000 -LEADER
fixed length control field 00602nam a22000977a 4500
008 - FIXED-LENGTH DATA ELEMENTS--GENERAL INFORMATION
fixed length control field 220103b ||||| |||| 00| 0 eng d
100 ## - MAIN ENTRY--AUTHOR'S NAME
Author's Name Schwaneberger Verlag
245 ## - TITLE STATEMENT
Title Michel Stempel-Handbuch: II. Teil (part 2)
Remainder of title Nachklassische Stempel der Deut. Reichspost 1875-1900
260 ## - PUBLICATION, DISTRIBUTION, ETC. (IMPRINT)
Place of publication, distribution, etc. Munich. Germany
Name of publisher, distributor, etc. Schwaneberger Verlag
Date of publication, distribution, etc. 1983
650 ## - TOPICAL TERM (Tag)
Topical term or geographic name Germany | German States | Postal Markings | 19th Century | Catalogs and Price Lists | Postal History | Post Offices | Postal Laws and Regulations | Railway Mail | Shipping Companies and Packet Service | Maritime Mail | Pneumatic Mail | Klaucke, Julius | Bibliographies
Holdings
Withdrawn status Lost status Source of classification or shelving scheme Damaged status Koha normalized classification for sorting Not for loan Collection code Permanent Location Current Location Shelving location Date acquired Total Checkouts Full call number Barcode Date last seen Copy number Price effective from Koha item type
        G6081 P857 S398   Rudi Anders Northern Philatelic Library Northern Philatelic Library General Stacks 01/03/2022   G6081 P857 S398 1005707 01/03/2022 1 01/03/2022 Books

Powered by Koha